000 01098nam a22002057a 4500
003 AM-YeHGA
040 _aAM-YeHGA
090 _c432664
005 20250617155309.0
008 180207s xxu||||| |||| 00| 0 rus d
041 0 _arus
110 2 _aОбщество любителей древней письменности
245 1 0 _aОтчеты о заседаниях Императорского общества любителей древней письменности...
260 _aСанкт-Петербург :
_bТип. В.С. Балашева,
_bОЛДП,
_c1885-.
300 _aгод
505 1 0 _g1881-1882 (1882, 128 с.)
_g1884-1885 (1885, 82 с.)
_g1885-1886 (1887, 84 с.)
_g1888-1891 (1891, 45 с.)
_g1896-1897 (1897, 67 с.)
_g1900-1901 (1902; [95] с.)
_g1901-1902 (1902; [61] с.)
_g1903-1904 (1904; [111] с.)
_g1907-1910 (1911; [187] с.)
_g1905-1907 (1908; [119] с.)
650 1 4 _aДревнерусская литература
_y10-17 вв.
650 1 4 _aЛитературные организации и учреждения
_vОтчеты
942 _2udc
_cBK
999 _c430112
_d430112